Online informačné zoznamy Finančného riaditeľstva SR, týkajúce sa DPH

Pre zistenie potrebných informácií Finančné riaditeľstvo Slovenskej republiky poskytuje informačné zoznamy, ktoré sú rozdelené do skupín – online informačných zoznamov, informačných zoznamov na stiahnutie a sprostredkovaných informačných zoznamov. Medzi online informačné zoznamy, ktoré sa bezprostre...

Descrizione completa

Salvato in:
Dettagli Bibliografici
Autore principale: Válek, Juraj, 1981-
Natura: Capitolo di libro
Lingua:slovacco
Soggetti:
Tags: Aggiungi Tag
Nessun Tag, puoi essere il primo ad aggiungerne!!

MARC

LEADER 00000nla a2200000 4500
001 0198082
005 20240502073339.1
041 0 |a slo 
044 |a SK 
245 1 0 |a Online informačné zoznamy Finančného riaditeľstva SR, týkajúce sa DPH  |c Juraj Válek 
520 |a Pre zistenie potrebných informácií Finančné riaditeľstvo Slovenskej republiky poskytuje informačné zoznamy, ktoré sú rozdelené do skupín – online informačných zoznamov, informačných zoznamov na stiahnutie a sprostredkovaných informačných zoznamov. Medzi online informačné zoznamy, ktoré sa bezprostredne týkajú DPH patria Zoznam daňových subjektov registrovaných pre DPH, Zoznam platiteľov DPH, u ktorých nastali dôvody na zrušenie registrácie pre DPH a Zoznam vymazaných platiteľov DPH. 
610 2 0 |a informácie 
610 2 0 |a internet 
610 2 0 |a dane z hodnoty pridanej 
100 1 |a Válek, Juraj, 1981-